ბათუმის შოთა რუსთაველის სახელმწიფო უნივერსიტეტის ბიბლიოთეკა

შუა საუკუნეები : 111 ამბავი / (ბიბ.ჩანაწერი № 62119)

000 -ლიდერი
ფიქსირებული სიგრძის საკონტროლო ველი 01328nam a22002417a 4500
003 - საკონტროლო ნომრის იდენტიფიკატორი
საკონტროლო ველი Ge_BSU
005 - ბოლო ოპერაციის თარიღი და დრო
საკონტროლო ველი 20240716171011.0
008 - ფიქსირებული სიგრძის მონაცემთა ელემენტები - ზოგადი ინფორმაცია
ფიქსირებული სიგრძის საკონტროლო ველი 240716s2018 ge ||||| |||| 00| 0 geo d
020 ## - წიგნის საერთაშორისო სტანდარტული ნომერი
International Standard Book Number 9789941463730
041 ## - ენის კოდი
Language code of text/sound track or separate title geo
080 ## - უნივერსალური ათობითი კლასიფიკაციის ინდექსი
Universal Decimal Classification number 94(100)"04/14" ხ-80
100 ## - მთავარი ჩანაწერი - პიროვნების სახელი
Personal name ხოფერია, ნიკა.
9 (RLIN) 22843
245 ## - ცნობა სათაურის შესახებ
Title შუა საუკუნეები : 111 ამბავი /
Statement of responsibility, etc ნიკა ხოფერია ; რედ. ნატო გორდელაძე ; გარეკანის დიზაინერი ილია ხელაია.
264 ## - წარმოების, გამოცემის, დისტრიბუციის და სხვა ცნობები
გამოცემის, წარმოების, დისტრიბუციის... ადგილი თბილისი :
გამოცემის, წარმოების, დისტრიბუციის... სახელწოდება არტანუჯი,
გამოცემის, წარმოების, დისტრიბუციის... თარიღი 2018.
300 ## - ფიზიკური აღწერა
Extent 176 გვ. :
Other physical details ილ. ;
Dimensions 19 სმ.
440 ## - სერიის ცნობა / დამატებულია ჩანაწერი - სათაური
Title თან საკითხავი / სერიის მთ. რედაქტორი ბუბა კუდავა ; წ. 1
9 (RLIN) 22844
500 ## - ზოგადი შენიშვნა
General note გარეკანზე ავტორი აღნიშნული არ არის.
653 ## - INDEX TERM--UNCONTROLLED
Uncontrolled term შუა საუკუნეების ისტორია.
653 ## - INDEX TERM--UNCONTROLLED
Uncontrolled term ისტორია.
700 ## - ADDED ENTRY--PERSONAL NAME
Personal name გორდელაძე, ნატო
Relator term რედაქტორი
9 (RLIN) 14165
700 ## - ADDED ENTRY--PERSONAL NAME
Personal name ხელაია, ილია
Relator term გარეკანის დიზაინერი
9 (RLIN) 14070
942 ## - ADDED ENTRY ELEMENTS (KOHA)
Source of classification or shelving scheme
Koha item type წიგნი
ეგზემპლარები
ჩამოწერის სტატუსი დაკარგული ეგზემპლარის სტატუსი კლასიფიკაციის წყარო ან თაროზე გაწყობის სქემა დაზიანების სტატუსი არ გაიცემა მუდმივი მდებარეობა (დაცვის ადგილი) ამჟამინდელი ადგილსამყოფელი თაროზე განთავსების ადგილი შეძენის თარიღი ღირებულება, შესყიდვის ნორმალური ფასი სრული შენახვის შიფრი შტრიხკოდი ბოლო ოპერაციის თარიღი ეგზემპლარის მიმდევრობითი ნომერი (კეტერი?) ფასის ძალაში შესვლის თარიღი ეგზემპლარის სახეობა საჯარო შენიშვნა
          ბათუმის შოთა რუსთაველის სახელმწიფო უნივერსიტეტის მთავარი ბიბლიოთეკა ბათუმის შოთა რუსთაველის სახელმწიფო უნივერსიტეტის მთავარი ბიბლიოთეკა წიგნსაცავი 2024-07-16 6.00 94(100)"04/14" ხ-80 68762 2024-07-16 68762 2024-07-16 წიგნი 6.00